Diario (julio de 1872 a enero de 1873)

Guardat en:
Dades bibliogràfiques
Autor principal: Céspedes, Carlos Manuel de
Format: Llibre
Idioma:Undetermined
Publicat: La Habana, Cuba Ciencias Sociales 1978
Matèries:
Etiquetes: Afegir etiqueta
Sense etiquetes, Sigues el primer a etiquetar aquest registre!

MARC

LEADER 00000nam a2200000Ia 4500
008 170316s9999 xx 000 0 und d
040 |a cru BVZT 
090 |a 860 C-33d 
100 |a Céspedes, Carlos Manuel de 
245 |a Diario (julio de 1872 a enero de 1873) 
260 |a La Habana, Cuba 
260 |b Ciencias Sociales 
260 |c 1978 
300 |a 94 páginas 
650 |a LITERATURA LATINOAMERICANA 
999 |c 8524  |d 8524 
942 |c 15 D  |h 860 C-33d  |2 z